| Tag |
First Indicator |
Second Indicator |
Subfields |
| LEADER |
00000cam a22000004a 4500 |
| 001 |
in00002012509 |
| 005 |
20151031145331.0 |
| 008 |
010131s2002 nyua b 001 0 eng |
| 010 |
|
|
|a 2001019111
|
| 015 |
|
|
|a GBA2-55591
|
| 020 |
|
|
|a 0415929490 (alk. paper)
|
| 020 |
|
|
|a 0415929504 (pbk.)
|
| 035 |
|
|
|a (OCoLC)ocm45879600
|
| 040 |
|
|
|a DLC
|c DLC
|d UKM
|d VVC
|d OCLCQ
|d UtOrBLW
|
| 042 |
|
|
|a pcc
|
| 043 |
|
|
|a a-ii---
|
| 049 |
|
|
|a TXAM
|
| 050 |
0 |
0 |
|a HQ76.2.I4
|b Q44 2002
|
| 082 |
0 |
0 |
|a 306.76/6/0954
|2 21
|
| 245 |
0 |
0 |
|a Queering India :
|b same-sex love and eroticism in Indian culture and society /
|c edited by Ruth Vanita.
|
| 264 |
|
1 |
|a New York, NY :
|b Routledge,
|c 2002.
|
| 300 |
|
|
|a 252 pages :
|b illustrations ;
|c 24 cm.
|
| 336 |
|
|
|a text
|b txt
|2 rdacontent
|
| 337 |
|
|
|a unmediated
|b n
|2 rdamedia
|
| 338 |
|
|
|a volume
|b nc
|2 rdacarrier
|
| 505 |
0 |
|
|a The politics of penetration: section 377 of the Indian penal code / Suparna Bhaskaran -- Sultan Mahmud's makover: colonial homophobia and the Persian-Urdu literary tradition / Scott Kugle -- Doganas and zanakhis: The invention and subsequent erasure of Urdu poetry's "lesbian" voice / Carla Petievich -- Alienation, intimacy, and gender: problems for a history of love in South Asia / Indrani Chatterjee -- Eunuchs, lesbians, and other mythical beasts: queering and dequeering the Kama Sutra / Michael J. Sweet -- Loving well: homosexuality and utopian thought in post/colonial India / Leela Gandhi -- "Do I remove my skin?": interrogating identity in Suniti Namjoshi's fables / Anannya Dasgupta -- "Queernesses all mine": interrogating same sex desire in Kamala Das's fiction and poetry / Rosemary Marangoly George -- Homophobic fiction/homoerotic advertising: the pleasures and perils of twentieth-century Indianness / Ruth Vanita -- What Mrs. Besahara saw: reflections on the gay goonda / Lawrence Cohen -- A different desire, a different femininity: theatrical transvestism in the Parsi; Quiarati, and Marathi theaters, 1850-1940 / Kathryn Hansen -- Queer bonds: male friendships in contemporary Malayalam cinema / Muraleedharan T. -- "I sleep behind you": male homosociality and homoeroticism in Indian parallel cinema / Thomas Waugh -- Queer pleasures for queer people: film, television, and queer sexuality in India / Shohini Ghosh -- On fire: sexuality and its incitements / Geeta Patel -- After the fire / Monica Bachmann.
|
| 504 |
|
|
|a Includes bibliographical references and index.
|
| 650 |
|
0 |
|a Homosexuality
|z India.
|
| 700 |
1 |
|
|a Vanita, Ruth.
|
| 948 |
|
|
|a cataloged
|b cmulkey
|c 2005/2/23
|d 12:52:28 pm
|
| 994 |
|
|
|a C0
|b TXA
|
| 999 |
|
|
|a MARS
|
| 999 |
f |
f |
|s 7b5f04c3-b4e7-33ea-acf3-fe90159ee7c9
|i ed179abf-42ac-3fca-af22-f90182dc1173
|t 0
|
| 952 |
f |
f |
|p normal
|a Texas A&M University
|b College Station
|c Sterling C. Evans Library
|d Evans: Library Stacks
|t 0
|e HQ76.2.I4 Q44 2002
|h Library of Congress classification
|i unmediated -- volume
|m A14832291529
|
| 998 |
f |
f |
|a HQ76.2.I4 Q44 2002
|t 0
|l Evans: Library Stacks
|